| 000 | 00666nam a22001937a 4500 | ||
|---|---|---|---|
| 999 |
_c185126 _d185126 |
||
| 005 | 20220128124633.0 | ||
| 010 | _aUR-11414 | ||
| 020 |
_c450.00 _a9789389733853 |
||
| 035 | _aU-9969 | ||
| 037 |
_bDBAD/PUB _adpl |
||
| 082 | _a842.8 | ||
| 100 | _aمشير ا حمد | ||
| 245 |
_aخطو ط غا لب کے ا د بی مبا حث _cمشير ا حمد |
||
| 246 |
_bKhatoot-e-Ghalib Ke Adabi Mubahis (Urdu) _aby Mushir Ahmed |
||
| 260 |
_aDelhi _bEducational Publishing House _c2021 ء |
||
| 270 |
_a3191,Vakil Street,Kucha Pandit,Lal Kuan, _bDelhi _e110006 _k23216162 _l- |
||
| 300 |
_a399 ص _c22 Cm(Hb) |
||
| 942 |
_2ddc _cUR _h842.8 _mم ش ی |
||